| 000 | 00835nam a2200229 a 4500 | ||
|---|---|---|---|
| 001 | BRCA_4204 | ||
| 005 | 20190320204602.0 | ||
| 008 | 010610s1993----sp-a######---#000-0#spa-# | ||
| 020 | _a8479249994 | ||
| 041 | _aspa | ||
| 044 | _asp | ||
| 050 | 4 |
_aBS2453 _b.S26 1993 |
|
| 245 | 1 | 0 |
_aSantiago y América _bMosteiro de San Martiño Pinario, Santiago de Compostela 1993. |
| 260 |
_aJunta de Galicia _bConsellería de Cultura e Xuventude : Arcebispado de Santiago de Compostela _c1993 |
||
| 300 |
_a439 p. _bil. a color _c31 cm. |
||
| 504 | _aBibliografía: p. 425-435 | ||
| 600 | 1 | 4 |
_aJames _cEl Gran _vExposiciones _xArte _910850 |
| 600 | 1 | 4 |
_aJames _cEl Gran, Santo _vExposiciones _xCulto _910851 |
| 650 | 1 | 4 |
_aOrden de Santiago _vExposiciones _910852 |
| 650 | 1 | 4 |
_aArte cristiano y simbolismo _vExposiciones _zEspaña _910853 |
| 942 |
_2lcc _cB |
||
| 999 |
_c3919 _d3919 |
||